00458pam a2200181 a 4500001000800000005001700008008004100025010001700066020002200083040001800105041000800123080001300131082002000144100000700164101000800171245004300179504005400222481637620180202042739.0890314s1989 si a b 001 0 eng  a 89006582  a0201416530 (U.S.) aDLCcDLCdDLC aeng a005.133 00a005.133 STE2201 a30 aSHK10aGolden common LISP :cDavid J. Steele. aIncludes bibliographical references (p. 535-538).